000 00476nam a2200181Ia 4500
001 18740
005 20260306171653.0
008 260306s9999||||xx |||||||||||||| ||und||
041 _aESP
082 _a658.5
_bC321
100 _aCasanovas, August
_eAUT
245 0 _aLogística integral, lean supply chain management:
_blean supply chain management
260 _c2011
300 _a215 páginas :
_c23 cm.
650 _aGEN
654 _aCAN
942 _cLIB
_dJUS
_fJUS
_2ddc
_n
999 _c18740
_d18740